Представление документа в формате MARC21

Поле Инд. ПП Название Значение
Тип записи a
Библиографический уровень b
001 Контрольный номер RU/IS/BASE/436025776
005 Дата корректировки 20220715140323.7
008 Кодируемые данные 20131025
040 b Код языка каталог. rus
e Правила каталог. PSBO
041 0_ a Код языка текста rus
084 a Индекс другой классификации/Индекс ББК 60.54; 88.54; 88.1(0)6
100 1_ a Автор Пащенко В. В.
q Полное имя Пащенко Виталий Викторович
245 10 a Заглавие Стадиальный характер групповой сплоченности в исследованиях зарубежной науки
504 a Библиография Библиогр. ссылки. - Примеч.
520 0_ a Аннотация В статье предложена концепция о стадиальном характере групповой сплоченности, имеющей ключевое значение для управляемости и власти
650 a Основная рубрика история психологии
a Основная рубрика психология
a Основная рубрика психология групп
a Основная рубрика социальная психология
a Основная рубрика социология
a Основная рубрика социология групп
653 1_ a Ключевые слова групповая солидарность
a Ключевые слова групповая сплоченность
a Ключевые слова инструментальная сплоченность
a Ключевые слова личное пространство
a Ключевые слова механическая солидарность
a Ключевые слова психологическая сплоченность
a Ключевые слова солидарность
a Ключевые слова социальное пространство
a Ключевые слова ценностная сплоченность
773 08 t Заглавие источника Социально-гуманитарные знания
d Дата издания источника 2013
g Прочая информация № 4. - С. 320 - 326
w Контрольный № источника RU/IS/BASE/431778075
901 t Тип документа b